| 000 | 00767nam a2200265Ia 4500 | ||
|---|---|---|---|
| 001 | Para_4530 | ||
| 003 | CHAP | ||
| 008 | 220125s1916 xx 000 0 und d | ||
| 010 | _a203011 | ||
| 040 | _cCHAP | ||
| 090 | _aPA FOLLETO 1812 | ||
| 100 |
_aChittenden, F. H _922634 |
||
| 245 |
_aThe pink corn-worm : _b an insect destructive to corn in the crib / _c F. H. Chittenden |
||
| 260 |
_aWashington : _b Department of Agriculture |
||
| 300 | _a20 p. | ||
| 440 |
_aEUA. Dept. Agri. Bull; 363 _9168584 |
||
| 650 |
_aBatrachedra rileyi MaĆz _x Plagas _9168585 |
||
| 901 | _aPA FOLLETO 1812 | ||
| 902 | _aA | ||
| 905 | _a0000001916 WAS 0000000000 00 | ||
| 910 | _a1916 | ||
| 942 | _cPARA | ||
| 942 |
_cPARA _d1 |
||
| 999 |
_c203011 _d203011 |
||